| 000 | 00403nam a2200169Ia 4500 | ||
|---|---|---|---|
| 008 | 210210b1942 xxu||||| |||| 00| 0 eng d | ||
| 041 | _aeng | ||
| 082 | _a520/178 | ||
| 100 | _aSMART (W M) | ||
| 245 | _aFoundations of astronomy | ||
| 260 |
_aLondon _bLongman Green & Co Ltd., _c1942 |
||
| 300 | _avi,268 | ||
| 650 | _aFoundations | ||
| 650 | _aastronomy | ||
| 690 | _aAstronomy | ||
| 906 | _a008163 | ||
| 999 |
_c126013 _d126013 |
||